|
|
|
|
| LEADER |
01724nam a2200409 i 4500 |
| 001 |
EBC4820264 |
| 003 |
MiAaPQ |
| 005 |
20200520144314.0 |
| 006 |
m o d | |
| 007 |
cr cnu|||||||| |
| 008 |
170314t20162016sz ob 000 0 fre d |
| 020 |
|
|
|z 9789223310882
|
| 020 |
|
|
|a 9789223310899
|q (electronic bk.)
|
| 035 |
|
|
|a (MiAaPQ)EBC4820264
|
| 035 |
|
|
|a (Au-PeEL)EBL4820264
|
| 035 |
|
|
|a (CaPaEBR)ebr11358936
|
| 035 |
|
|
|a (OCoLC)979248228
|
| 040 |
|
|
|a MiAaPQ
|b eng
|e rda
|e pn
|c MiAaPQ
|d MiAaPQ
|
| 050 |
|
4 |
|a HC79.P6
|b .L376 2016
|
| 082 |
0 |
|
|a 339.46
|2 23
|
| 110 |
1 |
|
|a Organisation internationale du Travail.
|
| 245 |
1 |
4 |
|a Las mujeres en el trabajo :
|b Tendencias 2016 /
|c Organisation internationale du Travail.
|
| 264 |
|
1 |
|a Geneva, [Switzerland] :
|b Oficina Internacional del Trabajo,
|c 2016.
|
| 264 |
|
4 |
|c 2016
|
| 300 |
|
|
|a 1 online resource (144 pages)
|
| 336 |
|
|
|a text
|2 rdacontent
|
| 337 |
|
|
|a computer
|2 rdamedia
|
| 338 |
|
|
|a online resource
|2 rdacarrier
|
| 504 |
|
|
|a Includes bibliographical references.
|
| 588 |
|
|
|a Description based on online resource; title from PDF title page (ebrary, viewed March 14, 2017).
|
| 590 |
|
|
|a Electronic reproduction. Ann Arbor, MI : ProQuest, 2016. Available via World Wide Web. Access may be limited to ProQuest affiliated libraries.
|
| 650 |
|
0 |
|a Poverty.
|
| 650 |
|
0 |
|a Women.
|
| 655 |
|
4 |
|a Electronic books.
|
| 776 |
0 |
8 |
|i Print version:
|a Organisation internationale du Travail.
|t Mujeres en el trabajo : Tendencias 2016.
|d Geneva, [Switzerland] : Oficina Internacional del Trabajo, c2016
|h xxi, 144 pages
|z 9789223310882
|
| 797 |
2 |
|
|a ProQuest (Firm)
|
| 856 |
4 |
0 |
|u https://ebookcentral.proquest.com/lib/matrademy/detail.action?docID=4820264
|z Click to View
|